Gaten Matarazzo Filmography - Statistics

General Stats
  • This quiz has been taken 31 times
    6 since last reset
  • The average score is 12 of 29
Answer Stats
Type Year Name % Correct
Web Series 2016-2025 Stranger Things
100%
Theater 2014 Les Misérables
75%
Concert Film 2014 Les Misérables: The Broadway Musical
75%
Film 2025 Animal Farm
50%
Theater 2022 Dear Evan Hansen
50%
TV Show 2018 Drop the Mic
50%
Film 2022 Honor Society
50%
Theater 2019 Into the Woods
50%
Web Mini-Series 2024 LEGO Star Wars: Rebuild the Galaxy
50%
TV Show 2017 Lip Sync Battle
50%
Film 2022 My Father's Dragon
50%
Film 2023 Please Don't Destroy: The Treasure of Foggy Mountain
50%
Web Series 2019 Prank Encounters
50%
Music Video 2017 Swish Swish
50%
Film 2019 The Angry Birds Movie 2
50%
TV Show 2015 The Blacklist
50%
Web Series 2023 Foul Play
25%
Web Series TBA Ghostbusters: Ecto Force
25%
Theater 2023 Gutenberg!
25%
Music Video 2017 Lost Boys Life
25%
Music Video 2020 Meet Me on the Roof
25%
TV Show 2021 Nickelodeon's Unfiltered
25%
Theater 2022 Parade
25%
Theater 2011 Priscilla, Queen of the Desert
25%
TV Show 2017 Ridiculousness
25%
Theater 2023 Sweeney Todd: The Demon Barber of Fleet Street
25%
Web Series 2021 Waffles + Mochi
25%
Theater 2018 Cinderella
0%
Music Video 2017 Jimmy Fallon's Golden Globes 2017 Opening
0%
No matching quizzes found
Score Distribution
Percent of People with Each Score
Percentile by Number Answered
Your Score History
You have not taken this quiz since the last reset